| 000 | 00787cam a22002411 4500 | ||
|---|---|---|---|
| 001 | gs 36000189 | ||
| 003 | DLC | ||
| 005 | 20260227111340.0 | ||
| 008 | 781115s1935 xx 000 0 por | ||
| 010 | _ags 36000189 | ||
| 035 | _a(OCoLC)4376362 | ||
| 040 |
_aDLC _cOCl _dDLC |
||
| 041 | 0 |
_apor _beng |
|
| 042 | _apremarc | ||
| 050 | 0 | 0 |
_aTN948.D5 _bA2 |
| 100 | 1 |
_aAbreu, Sylvio Fróes, _d1902-1972. |
|
| 245 | 1 | 0 | _aKieselguhr (diatomita) no Brasil, applicações, occorrencias e propriedades. |
| 260 |
_aRio de Janeiro, _c1935. |
||
| 300 |
_a34 p. _billus., plates, maps, diagrs., tables. _c23 cm. |
||
| 500 | _aAt head of title: Ministerio do Trabalho, Industria e Commercio, Instituto Nacional de Technologia. | ||
| 500 | _aSummary in English. | ||
| 650 | 0 | _aDiatomaceous earth. | |
| 999 |
_c27267 _d27267 |
||